[Event "CP-2010-P-00070"]
[Site "LSS email"]
[Date "2010.09.28"]
[Round "?"]
[White "Jara, Julio Cesar"]
[Black "Richkov, Sergei"]
[Result "1/2-1/2"]
[WhiteElo "1554"]
[BlackElo "1935"]
[PlyCount "58"]
[EventDate "2010.10.01"]
[EventType "tourn (corr)"]
[EventRounds "6"]
[EventCountry "GER"]
[SourceTitle "Telechess CBM 143"]
[Source "ChessBase"]
[SourceDate "2011.07.15"]
[SourceVersion "1"]
[SourceVersionDate "2011.07.15"]
[SourceQuality "1"]

1. d4 Nf6 2. c4 c5 3. d5 e6 4. Nf3 exd5 5. cxd5 Bd6 6. Nc3 Bc7 7. e4 d6 8. Bd3 a6 9. a4 Bg4 10. 0-0 0-0 11. h3 Bxf3 12. Qxf3 Re8 13. Ne2 Nbd7 14. Bc2 Ne5 15. Qg3 Nh5 16. Qb3 Ba5 17. Qe3 Rc8 18. Ng3 Nxg3 19. Qxg3 Qe7 20. Bg5 f6 21. Be3 Qf7 22. Rad1 Kh8 23. f4 Nd7 24. Bf2 Bb4 25. Qb3 a5 26. Qc4 Qh5 27. Bd3 Re7 28. Bb1 Qe8 29. b3 g6 1/2-1/2

[Event "LSS SB-2010-0-00106"]
[Site "LSS email"]
[Date "2010.08.28"]
[Round "?"]
[White "Bujdak, Pavol"]
[Black "Richkov, Sergei"]
[Result "1/2-1/2"]
[WhiteElo "1809"]
[BlackElo "1922"]
[PlyCount "68"]
[EventDate "2010.07.29"]
[EventType "tourn (corr)"]
[EventRounds "6"]
[EventCountry "GER"]
[SourceTitle "Telechess CBM 143"]
[Source "ChessBase"]
[SourceDate "2011.07.15"]
[SourceVersion "1"]
[SourceVersionDate "2011.07.15"]
[SourceQuality "1"]

1. e4 c5 2. Nf3 Nc6 3. d4 cxd4 4. Nxd4 e5 5. Nb5 d6 6. N1c3 a6 7. Na3 b5 8. Nd5 Nf6 9. Bg5 Be7 10. Bxf6 Bxf6 11. c4 b4 12. Nc2 a5 13. Be2 0-0 14. 0-0 Bg5 15. Qd3 Rb8 16. b3 Be6 17. Rad1 Kh8 18. h3 f5 19. Nde3 fxe4 20. Qxe4 Qc7 21. Bg4 Bf7 22. Nd5 Qa7 23. Nde3 Qc7 24. Rfe1 Bxe3 25. Nxe3 Nd4 26. Be2 Bg6 27. Qh4 a4 28. Nd5 Qf7 29. bxa4 Qa7 30. Bd3 Bxd3 31. Rxd3 Qxa4 32. Rd2 Qa6 33. Ne3 Rf4 34. Qg5 Rf6 1/2-1/2

[Event "LSS SB-2010-0-00106"]
[Site "LSS email"]
[Date "2010.08.28"]
[Round "?"]
[White "Herzog, Klaus"]
[Black "Richkov, Sergei"]
[Result "1/2-1/2"]
[WhiteElo "1864"]
[BlackElo "1927"]
[PlyCount "64"]
[EventDate "2010.07.29"]
[EventType "tourn (corr)"]
[EventRounds "6"]
[EventCountry "GER"]
[SourceTitle "Telechess CBM 143"]
[Source "ChessBase"]
[SourceDate "2011.07.15"]
[SourceVersion "1"]
[SourceVersionDate "2011.07.15"]
[SourceQuality "1"]

1. d4 Nf6 2. c4 c5 3. d5 b5 4. cxb5 a6 5. bxa6 Bxa6 6. Nc3 g6 7. Nf3 d6 8. g3 Bg7 9. Bg2 0-0 10. 0-0 Nbd7 11. Qc2 Qa5 12. Rd1 Rfb8 13. Rb1 Ng4 14. Bd2 Nge5 15. Nxe5 Nxe5 16. b3 Bc8 17. h3 Qa6 18. Kh2 Bf5 19. e4 Bd7 20. Be3 c4 21. f4 Nd3 22. bxc4 Rxb1 23. Nxb1 Nxf4 24. Bxf4 Ba4 25. Qe2 Bxd1 26. Qxd1 Qxc4 27. Qb3 Qxb3 28. axb3 Ra2 29. Be3 Rb2 30. Nd2 Bc3 31. Nc4 Rxb3 32. Bf1 Kg7 1/2-1/2

[Event "LSS CP-2009-P-00035"]
[Site "LSS email"]
[Date "2009.09.27"]
[Round "?"]
[White "Baranowski, Tadeusz"]
[Black "Richkov, Sergei"]
[Result "1/2-1/2"]
[WhiteElo "2323"]
[BlackElo "1865"]
[PlyCount "109"]
[EventDate "2009.10.01"]
[EventType "tourn (corr)"]
[EventRounds "6"]
[EventCountry "GER"]
[SourceTitle "Corr 2013"]
[Source "ChessBase"]
[SourceDate "2012.11.12"]
[SourceVersion "1"]
[SourceVersionDate "2012.11.12"]
[SourceQuality "1"]
[WhiteTeam "US of America"]
[BlackTeam "US of America"]
[WhiteTeamCountry "USA"]
[BlackTeamCountry "USA"]

1. Nf3 c5 2. e4 Nc6 3. Bb5 e6 4. 0-0 Nge7 5. Re1 a6 6. Bf1 d5 7. exd5 Nxd5 8. d4 Be7 9. dxc5 0-0 10. a3 Bxc5 11. b4 Be7 12. c4 Nf6 13. Bb2 Qxd1 14. Rxd1 Rd8 15. Rxd8+ Bxd8 16. Nc3 Bd7 17. Rd1 Be8 18. c5 Be7 19. h3 Rd8 20. Rxd8 Bxd8 21. Bd3 Ne7 22. Ne5 Ned5 23. Ne2 Bc7 24. Nc4 Kf8 25. g3 g6 26. Kf1 Ke7 27. Ke1 Bb5 28. Nd4 Ba4 29. Bf1 Nd7 30. Ba1 Nb8 31. Kd2 Nc6 32. Nxc6+ Bxc6 33. Be5 Bd8 34. Bd6+ Ke8 35. Bd3 f6 36. h4 Kf7 37. Bb8 e5 38. h5 Kg7 39. hxg6 hxg6 40. Bc2 e4 41. Bxe4 Nxb4 42. Bxg6 Kxg6 43. axb4 Kf5 44. Ke3 Ke6 45. Kd4 f5 46. f4 Bf6+ 47. Be5 Bd8 48. Bg7 Bc7 49. Be5 Bd8 50. Bh8 Bc7 51. Bg7 Kf7 52. Be5 Bd8 53. Ne3 Ke6 54. Nc4 Kf7 55. Nd6+ 1/2-1/2

[Event "LSS CP-2009-P-00035"]
[Site "LSS email"]
[Date "2009.09.27"]
[Round "?"]
[White "Klimakovs, Sergejs"]
[Black "Richkov, Sergei"]
[Result "0-1"]
[WhiteElo "2085"]
[BlackElo "1886"]
[PlyCount "62"]
[EventDate "2009.10.01"]
[EventType "tourn (corr)"]
[EventRounds "6"]
[EventCountry "GER"]
[SourceTitle "Telechess CBM 141"]
[Source "ChessBase"]
[SourceDate "2011.03.17"]
[SourceVersion "1"]
[SourceVersionDate "2011.03.17"]
[SourceQuality "1"]

1. e4 c5 2. Nf3 Nc6 3. d4 cxd4 4. Nxd4 e5 5. Nb5 d6 6. N1c3 Nf6 7. Bg5 a6 8. Na3 b5 9. Nd5 Be7 10. Bxf6 Bxf6 11. c3 0-0 12. Nc2 Bg5 13. a4 bxa4 14. Rxa4 a5 15. Bc4 Rb8 16. Ra2 Kh8 17. Nce3 Bxe3 18. Nxe3 Ne7 19. 0-0 f5 20. exf5 Nxf5 21. Nd5 Bb7 22. Qd3 Rc8 23. b3 Rc5 24. Rd1 h6 25. b4 axb4 26. cxb4 Rc8 27. Ra7 Qh4 28. Nb6 Rc7 29. Nd5 Rxc4 30. Rxb7 Rd4 31. Qb1 Qe4 0-1

[Event "IECG CP.2006.P.00019 email"]
[Site "IECG email"]
[Date "2006.10.01"]
[Round "?"]
[White "Richkov, Sergei"]
[Black "Cornell, David"]
[Result "1-0"]
[WhiteElo "1832"]
[BlackElo "1458"]
[PlyCount "73"]
[EventDate "2006.10.01"]
[EventType "tourn (corr)"]
[EventRounds "6"]
[SourceTitle "Corr 2011"]
[Source "ChessBase"]
[SourceDate "2010.08.31"]
[SourceVersion "1"]
[SourceVersionDate "2010.08.31"]
[SourceQuality "1"]

1. d4 Nf6 2. c4 e6 3. Nf3 c5 4. d5 d6 5. Nc3 Be7 6. e4 0-0 7. h3 a6 8. Bd3 Nbd7 9. Bf4 e5 10. Be3 Re8 11. Qd2 Nf8 12. a3 Ng6 13. Ne2 Rb8 14. b3 b5 15. Ng3 Bd7 16. 0-0 Qc8 17. Kh2 b4 18. Bc2 a5 19. axb4 axb4 20. Ra2 Ra8 21. Rfa1 Qb7 22. Nf5 Rxa2 23. Rxa2 Ra8 24. Nxe7+ Nxe7 25. Rxa8+ Qxa8 26. Nxe5 dxe5 27. Bxc5 Ng6 28. Bxb4 Nf4 29. Bc3 Bxh3 30. f3 Bxg2 31. Bxe5 Qc8 32. Qxf4 Qh3+ 33. Kg1 Qh1+ 34. Kf2 Qf1+ 35. Ke3 Qe1+ 36. Kd4 Nd7 37. Bd6 1-0

[Event "IECG CP.2003.S.00003 email"]
[Site "IECG email"]
[Date "2006.04.01"]
[Round "?"]
[White "Richkov, Sergei"]
[Black "Daus, Peter"]
[Result "0-1"]
[WhiteElo "1859"]
[BlackElo "2337"]
[PlyCount "80"]
[EventDate "2006.04.01"]
[EventType "tourn (corr)"]
[EventRounds "6"]
[EventCountry "GER"]
[SourceTitle "Corr 2008"]
[Source "ChessBase"]
[SourceDate "2008.06.24"]
[SourceVersion "1"]
[SourceVersionDate "2008.06.24"]
[SourceQuality "1"]

1. d4 d5 2. c4 e6 3. Nf3 c6 4. Qc2 dxc4 5. Qxc4 Nf6 6. Bg5 b5 7. Qc2 Bb7 8. e3 Nbd7 9. Be2 Be7 10. 0-0 0-0 11. Nbd2 Rc8 12. h3 c5 13. Bxb5 cxd4 14. Qd1 dxe3 15. Bxe3 a6 16. Bc4 Nb6 17. Bb3 Nfd5 18. Bd4 Nf4 19. Bc3 Bf6 20. Ba5 Qc7 21. Ba4 Qc5 22. b4 Qc7 23. Rb1 Rfd8 24. Qe1 Nxg2 25. Kxg2 Qf4 26. Bxb6 Rxd2 27. Qe3 Qf5 28. Rbc1 Rxc1 29. Rxc1 Rd3 30. Bc6 Rxe3 31. Bxe3 Bxc6 32. Rxc6 g5 33. Rc8+ Kg7 34. Rc5 Qg6 35. Rc4 h5 36. Nd2 Qd3 37. Rc5 Be7 38. Rc4 f5 39. Rc7 Qd5+ 40. Nf3 g4 0-1

[Event "IECG CP.2005.P.00117"]
[Site "IECG email"]
[Date "2005.10.01"]
[Round "?"]
[White "Niebergall, Gerhard"]
[Black "Richkov, Sergei"]
[Result "1-0"]
[WhiteElo "2094"]
[BlackElo "1869"]
[PlyCount "101"]
[EventDate "2005.10.01"]
[EventType "tourn (corr)"]
[EventRounds "6"]
[SourceTitle "Corr 2008"]
[Source "ChessBase"]
[SourceDate "2008.06.24"]
[SourceVersion "1"]
[SourceVersionDate "2008.06.24"]
[SourceQuality "1"]

1. d4 d5 2. Nf3 Nf6 3. c4 e6 4. Nc3 c6 5. Bg5 h6 6. Bh4 dxc4 7. e4 g5 8. Bg3 b5 9. Be2 Bb7 10. h4 g4 11. Ne5 h5 12. 0-0 Nbd7 13. Qc2 Nb6 14. Rad1 Bh6 15. b3 b4 16. Na4 cxb3 17. axb3 Nxa4 18. bxa4 0-0 19. f3 Bg7 20. fxg4 hxg4 21. Bxg4 Nxg4 22. Nxg4 a5 23. e5 Qd5 24. Nf6+ Bxf6 25. exf6 Qh5 26. Rde1 Qh7 27. Qc5 Ba6 28. Rf4 Bd3 29. Rg4+ Kh8 30. Rg7 Qh6 31. Bf4 Qxf6 32. Be5 Qxg7 33. Bxg7+ Kxg7 34. d5 Bf5 35. dxc6 f6 36. Rd1 e5 37. c7 b3 38. g4 Bxg4 39. Rd8 Re8 40. Qb6 Rc8 41. Rxe8 Rxe8 42. Qxb3 Bf5 43. Qd5 Rh8 44. Qxa5 Rxh4 45. Qb5 Rg4+ 46. Kf2 Rf4+ 47. Ke3 Re4+ 48. Kd2 Rd4+ 49. Kc1 Rh4 50. Qc6 Bc8 51. a5 1-0

[Event "IECG CP.2005.P.00117"]
[Site "IECG email"]
[Date "2005.10.01"]
[Round "?"]
[White "Richkov, Sergei"]
[Black "Simon, Holger"]
[Result "1/2-1/2"]
[WhiteElo "1869"]
[BlackElo "2182"]
[PlyCount "81"]
[EventDate "2005.10.01"]
[EventType "tourn (corr)"]
[EventRounds "6"]
[SourceTitle "Corr 2008"]
[Source "ChessBase"]
[SourceDate "2008.06.24"]
[SourceVersion "1"]
[SourceVersionDate "2008.06.24"]
[SourceQuality "1"]

1. d4 Nf6 2. Nf3 g6 3. c4 Bg7 4. Nc3 0-0 5. e4 d6 6. Be2 e5 7. 0-0 Nc6 8. d5 Ne7 9. b4 Nh5 10. Re1 f5 11. Ng5 Nf6 12. Bf3 c6 13. Be3 cxd5 14. cxd5 h6 15. Ne6 Bxe6 16. dxe6 fxe4 17. Nxe4 Nxe4 18. Bxe4 d5 19. Bc2 b6 20. Qg4 e4 21. Rac1 Qd6 22. Red1 Qxb4 23. Bb3 Rf5 24. Rc7 h5 25. Qh3 Bf6 26. g4 Rf3 27. Qg2 h4 28. Bxd5 Nxd5 29. Rxd5 Qb1+ 30. Qf1 Qxa2 31. Qd1 Rf8 32. Rd6 Rxe3 33. fxe3 Be7 34. Rd2 Qxe6 35. Rdd7 Rf7 36. Rxa7 h3 37. Rab7 Kh7 38. Qe2 Kh6 39. Ra7 Qe5 40. Rdb7 Qc3 41. Rc7 1/2-1/2

[Event "IECG CP.2003.Q.00005 email"]
[Site "IECG email"]
[Date "2005.01.15"]
[Round "?"]
[White "Epiney, Flo"]
[Black "Richkov, Sergei"]
[Result "1/2-1/2"]
[WhiteElo "2210"]
[BlackElo "1797"]
[PlyCount "80"]
[EventDate "2005.01.15"]
[EventType "tourn (corr)"]
[EventRounds "6"]
[SourceTitle "Corr 2008"]
[Source "ChessBase"]
[SourceDate "2008.06.24"]
[SourceVersion "1"]
[SourceVersionDate "2008.06.24"]
[SourceQuality "1"]

1. d4 d5 2. c4 e6 3. Nc3 Be7 4. Nf3 Nf6 5. Bf4 0-0 6. e3 c6 7. h3 Nbd7 8. Qc2 Re8 9. a3 Nf8 10. Bd3 Ng6 11. Bh2 b6 12. 0-0 Bd6 13. Bxd6 Qxd6 14. cxd5 exd5 15. Rfc1 Bd7 16. b4 a5 17. Qb3 Reb8 18. Bxg6 hxg6 19. Qb2 Bf5 20. Ne5 axb4 21. axb4 Rxa1 22. Rxa1 Nd7 23. Nf3 c5 24. bxc5 bxc5 25. Qa3 Rc8 26. dxc5 Nxc5 27. Rd1 Be6 28. Qb4 Qc6 29. Nd4 Qb7 30. Qa3 Qb6 31. Nce2 Qd8 32. Nf4 g5 33. Nfxe6 Nxe6 34. Nf5 Rc5 35. Qb3 Kh7 36. Ng3 Qa5 37. Qb1+ g6 38. Qb2 Kg8 39. Ne2 Qc7 40. Nd4 Nxd4 1/2-1/2

[Event "IECG CC.2004.0.00102 email"]
[Site "IECG email"]
[Date "2004.09.15"]
[Round "?"]
[White "Richkov, Sergei"]
[Black "Hall, Dick"]
[Result "1-0"]
[WhiteElo "1789"]
[BlackElo "1634"]
[PlyCount "121"]
[EventDate "2004.09.15"]
[EventType "tourn (corr)"]
[EventRounds "6"]
[SourceTitle "Corr 2024"]
[Source "ChessBase"]
[SourceDate "2023.10.19"]
[SourceVersion "1"]
[SourceVersionDate "2023.10.19"]
[SourceQuality "1"]

1. d4 d5 2. c4 dxc4 3. e3 Nf6 4. Bxc4 e6 5. Nf3 c5 6. 0-0 a6 7. Bb3 Nc6 8. Nc3 Be7 9. Qe2 cxd4 10. Rd1 0-0 11. Nxd4 Qc7 12. Nxc6 Qxc6 13. Bd2 b5 14. Rac1 Qb7 15. f3 Bd7 16. e4 b4 17. Na4 Bb5 18. Qf2 Nd7 19. Qe1 Ne5 20. Bf4 Nd3 21. Rxd3 Bxd3 22. Rc7 Qb8 23. Qe3 Bg5 24. Bxg5 Qxc7 25. Qxd3 h6 26. Be3 Rfd8 27. Qe2 a5 28. Bb6 Qc1+ 29. Qf1 Qd2 30. h3 Rdc8 31. Qf2 Rc1+ 32. Kh2 Qd6+ 33. f4 Qd3 34. f5 Rf1 35. Qc2 Qd6+ 36. g3 exf5 37. Bd5 Rb8 38. Qd3 Rxb6 39. Qxf1 Rc6 40. Qxf5 Rc2+ 41. Kh1 Qc7 42. h4 h5 43. Bb3 Re2 44. Nc5 Re3 45. Qxh5 Rxg3 46. Qf5 Qe7 47. Qf4 Rh3+ 48. Kg2 Rxh4 49. Qf5 Qc7 50. Kf3 Rh1 51. Ke3 Re1+ 52. Kd3 Qg3+ 53. Kc4 Rc1+ 54. Kb5 Qc7 55. Qd5 Qe7 56. e5 Kh8 57. e6 Rxc5+ 58. Qxc5 Qxc5+ 59. Kxc5 fxe6 60. Bxe6 g5 61. Kb5 1-0

[Event "IECG CP.2003.P.00052 email"]
[Site "IECG email"]
[Date "2003.10.01"]
[Round "?"]
[White "Hrvacic, Pavle"]
[Black "Richkov, Sergei"]
[Result "1/2-1/2"]
[WhiteElo "2228"]
[BlackElo "1773"]
[PlyCount "115"]
[EventDate "2003.10.01"]
[EventType "tourn (corr)"]
[EventRounds "6"]
[EventCountry "RUS"]
[SourceTitle "Corr 2008"]
[Source "ChessBase"]
[SourceDate "2008.06.24"]
[SourceVersion "1"]
[SourceVersionDate "2008.06.24"]
[SourceQuality "1"]

1. e4 c5 2. c3 e6 3. d4 d5 4. exd5 exd5 5. Nf3 Nc6 6. Bb5 Bd6 7. 0-0 Nge7 8. dxc5 Bxc5 9. Nbd2 0-0 10. Nb3 Bd6 11. Bd3 Bf5 12. Bg5 Qd7 13. Re1 Rfe8 14. Nbd4 Bg6 15. Qd2 a6 16. Bxg6 Nxg6 17. Rad1 f6 18. Be3 Rad8 19. Nc2 Bc7 20. Nfd4 Qg4 21. h3 Qc8 22. b3 Re4 23. Ne2 Nce7 24. f3 Rh4 25. Ncd4 Re8 26. a4 Nc6 27. Qd3 Nxd4 28. Nxd4 Rh5 29. Nc2 Bg3 30. Re2 Rhe5 31. Nd4 R8e7 32. Bd2 Qe8 33. Rxe5 Rxe5 34. Nc2 Qe6 35. Nd4 Qb6 36. Be3 Nf4 37. Qd2 Qd6 38. a5 Qc7 39. b4 Qd6 40. Nb3 Nh5 41. Nc5 Qe7 42. Bf2 g5 43. Bxg3 Nxg3 44. Nb3 f5 45. Nd4 f4 46. Kf2 Kg7 47. Re1 Rxe1 48. Qxe1 Nh1+ 49. Kf1 Ng3+ 50. Qxg3 fxg3 51. Nf5+ Kf6 52. Nxe7 Kxe7 53. Ke2 Kd6 54. Ke3 Ke5 55. Kd3 h5 56. Ke2 Kf4 57. Kd2 Kf5 58. Ke2 1/2-1/2

[Event "IECG WC.2006.P.00009 email"]
[Site "IECG email"]
[Date "2003.01.22"]
[Round "?"]
[White "Richkov, Sergei"]
[Black "Hort, Wolfgang"]
[Result "1-0"]
[WhiteElo "1773"]
[BlackElo "1539"]
[PlyCount "105"]
[EventDate "2003.01.22"]
[EventType "tourn (corr)"]
[EventRounds "10"]
[SourceTitle "Corr 2008"]
[Source "ChessBase"]
[SourceDate "2008.06.24"]
[SourceVersion "1"]
[SourceVersionDate "2008.06.24"]
[SourceQuality "1"]

1. e4 c6 2. d4 d5 3. Nd2 dxe4 4. Nxe4 Bf5 5. Ng3 Bg6 6. h4 h6 7. Nf3 e6 8. Ne5 Bh7 9. Bd3 Bxd3 10. Qxd3 Nf6 11. Bd2 Qd5 12. 0-0 Nbd7 13. Nf3 0-0-0 14. c4 Qd6 15. b4 Ne5 16. Nxe5 Qxe5 17. Be3 Qd6 18. Rab1 Ng4 19. d5 cxd5 20. cxd5 Qxd5 21. Rbc1+ Kb8 22. Qc3 Qe5 23. Bd4 Qf4 24. Qc4 Bd6 25. Bxg7 Rhg8 26. Qxf4 Bxf4 27. Rc4 Bxg3 28. Rxg4 Bc7 29. h5 Rd5 30. Rc1 Rxh5 31. g3 f6 32. Rcc4 f5 33. Rg6 Rg5 34. Rxg5 hxg5 35. Bd4 Bd6 36. b5 g4 37. a4 Rd8 38. b6 a6 39. Be3 e5 40. Bc5 e4 41. Be3 Ka8 42. Kf1 Be7 43. Ke2 Rf8 44. Rc7 Bd6 45. Rd7 Ba3 46. Rd5 Bb4 47. Bc5 Bxc5 48. Rxc5 Kb8 49. Ke3 a5 50. Rxa5 Rf6 51. Rb5 Rc6 52. Kf4 Kc8 53. Kxf5 1-0

[Event "IECG WC.2006.P.00009 email"]
[Site "IECG email"]
[Date "2003.01.22"]
[Round "?"]
[White "Rizzi, Davide"]
[Black "Richkov, Sergei"]
[Result "1-0"]
[WhiteElo "1852"]
[BlackElo "1773"]
[PlyCount "111"]
[EventDate "2003.01.22"]
[EventType "tourn (corr)"]
[EventRounds "10"]
[SourceTitle "Corr 2008"]
[Source "ChessBase"]
[SourceDate "2008.06.24"]
[SourceVersion "1"]
[SourceVersionDate "2008.06.24"]
[SourceQuality "1"]

1. e4 c5 2. Nf3 e6 3. d4 cxd4 4. Nxd4 a6 5. Bd3 Nf6 6. 0-0 Qc7 7. Qe2 d6 8. c4 g6 9. Nc3 Bg7 10. Nf3 0-0 11. Rd1 Nc6 12. Bf4 e5 13. Be3 Bg4 14. h3 Nd4 15. Bxd4 exd4 16. Nd5 Bxf3 17. Qxf3 Nxd5 18. cxd5 Rac8 19. Qg4 Qd8 20. a4 Qa5 21. Qd7 Qb4 22. a5 Be5 23. Qa4 Qxa4 24. Rxa4 Rfd8 25. Kf1 Rd7 26. b4 Kf8 27. b5 axb5 28. Bxb5 Re7 29. Bd3 Rc5 30. Ke2 Kg7 31. Rb1 Kh6 32. Rb5 g5 33. Rxc5 dxc5 34. Bb5 Kg7 35. Kd3 Rc7 36. g3 Kf6 37. Kc4 Bd6 38. Ra3 Ke7 39. Rf3 f6 40. Rf5 Rc8 41. f4 Rf8 42. Ba4 h6 43. Bd1 Ke8 44. h4 Kd8 45. hxg5 hxg5 46. Bc2 gxf4 47. gxf4 Ke8 48. Kb5 Kd8 49. Bd3 Ke8 50. Kb6 c4 51. Bxc4 Kd7 52. e5 Bc7+ 53. Kb5 d3 54. Bxd3 Ra8 55. Rxf6 Rxa5+ 56. Kc4 1-0